| 000 | 00485cam a2200193ua 4500 | ||
|---|---|---|---|
| 001 | 5465 | ||
| 008 | 141122n ii |||gr||||Z||||||asm | ||
| 040 | _cMAIN | ||
| 041 | _aasm | ||
| 082 | _a330.9 | ||
| 100 |
_aSarmah, Ananta Kr., _eAuthor. |
||
| 245 |
_aArthanitir itihasat abhumuki _cby Ananta Kr. Sarmah |
||
| 250 | _a1st. | ||
| 260 |
_aGuwahati: _bPublication Board, Assam, _c2012. |
||
| 300 | _a220p. | ||
| 653 | _aEconomic history | ||
| 653 | _aArthanitir itihas | ||
| 942 | _cBK | ||
| 999 |
_c4645 _d4645 |
||